00410nam a2200121Ia 4500008004100000082001800041100001600059245003800075260006800113300001000181630002700191650007000218211109s9999||||xx |||||||||||||| ||und|| a153.42bKUM-S aKumar, Arun 0aShort Guide to Generall Knowledge bAll India Institute of General Knowledge EducationaDelhic1967 a192p. xReference Reading Room aPhilosophyvEpistemologyPsychologymental ProcessesxIntelligence